00386nam a2200181Ia 4500003000900000008004100009040001300050040001300063041000800076100001700084245004000101250000900141260001900150260000900169300001000178300001000188490000600198IT-RoPAU120407s9999 xx 000 0 und d aIT-RoPAU cIT-RoPAU aita aNatale Bussi aIl senso dell’uomo di Dio. 2a ed. aAlba aEd. Domenicane c1961 a91 p. c19 cm v1